|
|
|
|
| LEADER |
03359nam a2200805 4500 |
| 001 |
ocn840937267 |
| 003 |
OCoLC |
| 005 |
20170124072237.6 |
| 006 |
m o d |
| 007 |
cr ||||||||||| |
| 008 |
130412s2014 enk ob 001 0 eng |
| 010 |
|
|
|a 2013015241
|
| 040 |
|
|
|a DLC
|b eng
|e rda
|e pn
|c DLC
|d YDX
|d N$T
|d YDXCP
|d CUS
|d E7B
|d TEFOD
|d OCLCF
|d DG1
|d TEFOD
|d EBLCP
|d COO
|d OCLCQ
|d DEBBG
|d GrThAP
|
| 020 |
|
|
|a 9781118484890
|q (electronic bk.)
|
| 020 |
|
|
|a 1118484894
|q (electronic bk.)
|
| 020 |
|
|
|a 9781118484913
|q (ePub)
|
| 020 |
|
|
|a 1118484916
|q (ePub)
|
| 020 |
|
|
|a 9781118484906
|q (MobiPocket)
|
| 020 |
|
|
|a 1118484908
|q (MobiPocket)
|
| 020 |
|
|
|a 9781118484920
|q (Adobe PDF)
|
| 020 |
|
|
|a 1118484924
|q (Adobe PDF)
|
| 020 |
|
|
|a 0470674210
|q (pbk. ;
|q alk. paper)
|
| 020 |
|
|
|a 9780470674215
|q (pbk. ;
|q alk. paper)
|
| 020 |
|
|
|z 9780470674215
|q (pbk. ;
|q alk. paper)
|
| 020 |
|
|
|z 9781118484890
|
| 020 |
|
|
|z 1118484894
|
| 029 |
1 |
|
|a AU@
|b 000053337101
|
| 029 |
1 |
|
|a DEBBG
|b BV041572487
|
| 029 |
1 |
|
|a DEBBG
|b BV041634222
|
| 029 |
1 |
|
|a DKDLA
|b 820120-katalog:000667301
|
| 029 |
1 |
|
|a NZ1
|b 15493530
|
| 029 |
1 |
|
|a NZ1
|b 15962912
|
| 029 |
1 |
|
|a DEBBG
|b BV043395750
|
| 035 |
|
|
|a (OCoLC)840937267
|
| 037 |
|
|
|a 5E71D487-B153-4CDA-94CF-5E39E16D61CF
|b OverDrive, Inc.
|n http://www.overdrive.com
|
| 042 |
|
|
|a pcc
|
| 050 |
0 |
0 |
|a RC564
|
| 072 |
|
7 |
|a HEA
|x 039000
|2 bisacsh
|
| 072 |
|
7 |
|a MED
|x 014000
|2 bisacsh
|
| 072 |
|
7 |
|a MED
|x 022000
|2 bisacsh
|
| 072 |
|
7 |
|a MED
|x 112000
|2 bisacsh
|
| 072 |
|
7 |
|a MED
|x 045000
|2 bisacsh
|
| 082 |
0 |
0 |
|a 616.86
|2 23
|
| 049 |
|
|
|a MAIN
|
| 100 |
1 |
|
|a West, Robert,
|d 1955-
|
| 245 |
1 |
0 |
|a Theory of addiction /
|c Robert West and Jamie Brown.
|
| 250 |
|
|
|a Second edition.
|
| 264 |
|
1 |
|a Chichester, West Sussex, UK :
|b Wiley Blackwell/Addiction Press,
|c 2014.
|
| 300 |
|
|
|a 1 online resource.
|
| 336 |
|
|
|a text
|b txt
|2 rdacontent
|
| 337 |
|
|
|a computer
|b c
|2 rdamedia
|
| 338 |
|
|
|a online resource
|b cr
|2 rdacarrier
|
| 490 |
0 |
|
|a Addiction press series
|
| 504 |
|
|
|a Includes bibliographical references and index.
|
| 505 |
0 |
|
|a Introduction: journey to the centre of addiction -- Definition, theory and observation -- Beginning the journey: addiction as choice -- Choice is not enough: the concepts of impulse and self-control -- Addiction, habit and instrumental learning -- Addiction in populations, and comprehensive theories -- Development of a comprehensive theory -- A synthetic theory of motivation -- A theory of addiction.
|
| 588 |
0 |
|
|a Print version record and CIP data provided by publisher.
|
| 650 |
|
0 |
|a Substance abuse.
|
| 650 |
|
0 |
|a Compulsive behavior.
|
| 650 |
|
7 |
|a HEALTH & FITNESS
|x Diseases
|x General.
|2 bisacsh
|
| 650 |
|
7 |
|a MEDICAL
|x Clinical Medicine.
|2 bisacsh
|
| 650 |
|
7 |
|a MEDICAL
|x Diseases.
|2 bisacsh
|
| 650 |
|
7 |
|a MEDICAL
|x Evidence-Based Medicine.
|2 bisacsh
|
| 650 |
|
7 |
|a MEDICAL
|x Internal Medicine.
|2 bisacsh
|
| 650 |
|
7 |
|a Compulsive behavior.
|2 fast
|0 (OCoLC)fst00871935
|
| 650 |
|
7 |
|a Substance abuse.
|2 fast
|0 (OCoLC)fst01136767
|
| 655 |
|
4 |
|a Electronic books.
|
| 700 |
1 |
|
|a Brown, Jamie,
|d 1984-
|
| 776 |
0 |
8 |
|i Print version:
|a West, Robert, 1955-
|t Theory of addiction.
|b Second edition.
|d Chichester, West Sussex, UK : John Wiley & Sons Inc., 2014
|z 9780470674215
|w (DLC) 2013013746
|
| 856 |
4 |
0 |
|u https://doi.org/10.1002/9781118484890
|z Full Text via HEAL-Link
|
| 994 |
|
|
|a 92
|b DG1
|